书目信息 |
| 题名: |
急斜煤层大段高安全开采围岩控制基础研究
|
|
| 作者: | 邵小平 著 | |
| 分册: | ||
| 出版信息: | 徐州 中国矿业大学出版社 2018.10 |
|
| 页数: | 260页 | |
| 开本: | 26cm | |
| 丛书名: | ||
| 单 册: | ||
| 中图分类: | TD823.21 | |
| 科图分类: | ||
| 主题词: | 急倾斜煤层--ji qing xie mei ceng--煤矿开采--围岩控制--研究 | |
| 电子资源: | ||
| ISBN: | 978-7-5646-4173-3 | |
| 000 | 01080nam0 2200241 450 | |
| 001 | 0100009969 | |
| 005 | 20190905093950.0 | |
| 010 | @a978-7-5646-4173-3@dCNY40.00 | |
| 100 | @a20190831d2018 em y0chiy50 ea | |
| 101 | 0 | @achi |
| 102 | @aCN@b320000 | |
| 105 | @aak a 000yy | |
| 106 | @ar | |
| 200 | 1 | @a急斜煤层大段高安全开采围岩控制基础研究@Aji xie mei ceng da duan gao an quan kai cai wei yan kong zhi ji chu yan jiu@f邵小平著 |
| 210 | @a徐州@c中国矿业大学出版社@d2018.10 | |
| 215 | @a260页@c图@d26cm | |
| 320 | @a有书目 (第254-260页) | |
| 330 | @a本书以新疆乌鲁木齐矿区急斜煤层开采为研究对象, 贯穿岩层结构的思想, 系统研究了急斜煤层大段高安全开采的围岩控制技术。主要内容包括: 新疆乌鲁木齐矿区急斜煤层开采技术的发展历程 ; 急斜煤层大段高工作面综放开采的矿压显现规律 ; 基于相似材料模拟实验的围岩变形破坏规律、顶煤体的结构和三角煤可控性及顶煤放出规律研究等。 | |
| 606 | 0 | @a急倾斜煤层@Aji qing xie mei ceng@x煤矿开采@x围岩控制@x研究 |
| 690 | @aTD823.21@v5 | |
| 701 | 0 | @a邵小平@Ashao xiao ping@4著 |
| 801 | 0 | @aCN@c20190905 |
| 905 | @a河南城建学院图书馆@dTD823.21@eS337 | |
| 急斜煤层大段高安全开采围岩控制基础研究/邵小平著.-徐州:中国矿业大学出版社,2018.10 |
| 260页:图;26cm |
| ISBN 978-7-5646-4173-3:CNY40.00 |
| 本书以新疆乌鲁木齐矿区急斜煤层开采为研究对象, 贯穿岩层结构的思想, 系统研究了急斜煤层大段高安全开采的围岩控制技术。主要内容包括: 新疆乌鲁木齐矿区急斜煤层开采技术的发展历程 ; 急斜煤层大段高工作面综放开采的矿压显现规律 ; 基于相似材料模拟实验的围岩变形破坏规律、顶煤体的结构和三角煤可控性及顶煤放出规律研究等。 |
| ● |
| 相关链接 |
|
|
|
正题名:急斜煤层大段高安全开采围岩控制基础研究
索取号:TD823.21/S337
 
预约/预借
| 序号 | 登录号 | 条形码 | 馆藏地/架位号 | 状态 | 备注 |
| 1 | 1437306 | 214373060 | 自科库501/501自科库 21排4列4层/ [索取号:TD823.21/S337] | 在馆 | |
| 2 | 1437307 | 214373079 | 期刊室512/501自科库 21排4列4层/ [索取号:TD823.21/S337] | 在馆 |